000 00824nam a22001577a 4500
003 OSt
005 20160324151637.0
008 160324b xxu||||| |||| 00| 0 eng d
040 _cRUA
082 _aAGR LAC 2010 B471 Or.1
100 _98196
_aLACH RAVY; ឡាច រ៉ាវី
245 _aSuitable timing for pellet compost application on chinese kale at crop station of royal university of agriculture, ពេលវេលាសមស្របនៃការដាក់ជីកំប៉ុស្តិ៍គ្រាប់ទៅលើដំណាំខាត់ណាដើម នៅក្នុងស្ថានីយ៍ពិសោធន៍ដំណាំ នៃសាកលវិទ្យាល័យភូមិន្ទ
260 _aPhnom Penh
_bRUA
_c2010
300 _ax ;41p.
_bill.
_c29cm.
942 _2ddc
_cAGR
999 _c7814
_d7814